Light and colour

Bibliographic Details
Main Author: Ward, Alan
Format: Book
Published: London : Franklin Watts , 1992
Series:Science discovery
Subjects:

MARC

LEADER 00000cam a2200000 7i4500
001 0000001348
002 000001485
005 20000330.0
020 |a 0749606819 
090 0 0 |a J 507   |b SCI 
100 1 |a Ward, Alan 
245 1 0 |a Light and colour   |c Alan Ward 
260 |a London :   |b Franklin Watts ,   |c 1992 
300 |a 32p. :   |b ill. ;   |c 27cm. 
490 0 |a Science discovery 
650 0 0 |a Light   |x Juvenile literature 
999 |a 032775   |b BUKU   |c JUNIOR REFERENCE   |e PERPUSTAKAAN KOMUNITI CAW KOTA DAMANSARA